000 00505nam a2200169 a 4500
005 20140412111304.0
008 010328s19uu xx 00 eng d
020 _a962-00-1111-2
050 _aTR(GS 420.7
_bGo63 1985
245 _aGogo's adventures with english, bk.2 :
_breader.
260 _aHong Kong :
_bLongman Asia Multimedia,
_c1995.
300 _a58 p.
440 _aGogo's Adventures with English
500 _aw/ VHS tape
650 _aEnglish language
_xStudy and teaching
999 _c103598
_d103598